000 00954nam a22002417a 4500
003 UA-OsUOA
001 48538
007 ta
008 20130602b un ||||| |||| 00| 0 ukr d
100 _aПанченко О.
090 _a94(477).09
_bП16
942 _cBK
040 _aUA-OsUOA
_bukr
_cUA-OsUOA
_dUA-OsUOA
245 _aУкраїнська Головна Визвольна Рада - Закордонне представництво УГВР - Генеральний секретаріят Закордонних прав УГВР - Середовище УГВР (правно-політичний аспект)
300 _a420 с.
955 _a1
041 _aukr
080 _a94(477).09
260 _bВ-во "Гадяч"
_c2004
650 7 _a9 Географія. Біографії. Історія
_2UDC
999 _c428638
_d428638